Historia de la sexualidad : 3. La inquietud del sí /

Guardado en:
Autor Principal: Foucault, Michel.
Formato: Libro
Idioma:Undetermined
Publicado: Buenos Aires : Siglo Veintiuno, 2011.
Edición:2a. ed., 2a. reimp.
Series:Sexualidad
Materias:
Etiquetas: Agregar Etiqueta
Sin Etiquetas, Sea el primero en etiquetar este registro!
LEADER 00515nam a22001695a 4500
001 DER.der015638
008 260126s2011####ag############000#0#und#d
005 20260127082046.0
245 1 0 |a Historia de la sexualidad :  |b 3. La inquietud del sí /  |c Michel Foucault. 
250 |a 2a. ed., 2a. reimp. 
260 |a Buenos Aires :  |b Siglo Veintiuno,  |c 2011. 
300 |a 269 p. 
490 1 |a Sexualidad 
020 |a 9789876290494 
100 1 |a Foucault, Michel. 
650 7 |a FILOSOFÍA 
859 |a DERECHO  |b BIB. DERECHO  |h 306.7  |i FOU  |p 0010773